Ist wirklich die Familie schuld?: Familialer Wandel und soziale Probleme im Lebensverlauf

Gespeichert in:  
Bibliographische Detailangaben
1. VerfasserIn: Bohrhardt, Ralf (Verfasst von)
Medienart: Druck Buch
Sprache:Deutsch
Veröffentlicht: Opladen Leske + Budrich 1999
In:Jahr: 1999
Online-Zugang: Inhaltsverzeichnis
Bestand in Tübingen:In Tübingen vorhanden.
IFK: O V 298
Verfügbarkeit prüfen: HBZ Gateway
Subito Bestelldienst: Jetzt bestellen.
Schlagwörter:

MARC

LEADER 00000cam a2200000 c 4500
001 253887585
003 DE-627
005 20250702113044.0
007 tu
008 990129s1999 gw ||||| m 00| ||ger c
020 |a 3810021679  |9 3-8100-2167-9 
035 |a (DE-627)253887585 
035 |a (DE-576)06679062X 
035 |a (DE-599)GBV253887585 
035 |a (OCoLC)237365401 
035 |a (AT-OBV)AC02491183 
035 |a (DE-604)8122926706 
040 |a DE-627  |b ger  |c DE-627  |e rakwb 
041 |a ger 
044 |c XA-DE 
084 |a 1  |2 ssgn 
084 |a MS 1960  |2 rvk  |0 (DE-625)rvk/123626: 
084 |a MS 1930  |2 rvk  |0 (DE-625)rvk/123625: 
084 |a MS 1900  |2 rvk  |0 (DE-625)rvk/123624: 
084 |a DU 4000  |2 rvk  |0 (DE-625)rvk/20046:761 
084 |a CV 8000  |2 rvk  |0 (DE-625)rvk/19169: 
084 |a 71.21  |2 bkl 
100 1 |8 1\p  |a Bohrhardt, Ralf  |0 (DE-588)171371186  |0 (DE-627)061565210  |0 (DE-576)132170213  |4 aut 
109 |a Bohrhardt, Ralf 
245 1 0 |a Ist wirklich die Familie schuld?  |b Familialer Wandel und soziale Probleme im Lebensverlauf  |c Ralf Bohrhardt 
264 1 |a Opladen  |b Leske + Budrich  |c 1999 
300 |a 206 S  |b graph. Darst 
336 |a Text  |b txt  |2 rdacontent 
337 |a ohne Hilfsmittel zu benutzen  |b n  |2 rdamedia 
338 |a Band  |b nc  |2 rdacarrier 
502 |a Teilw. zugl.: Bremen, Univ., Diss., 1997 
505 8 |a Literaturverz. S. 175 - 206 
583 1 |a Archivierung/Langzeitarchivierung gewährleistet  |f SSG  |x XA-DE-BW  |2 pdager  |5 DE-21 
655 7 |a Hochschulschrift  |0 (DE-588)4113937-9  |0 (DE-627)105825778  |0 (DE-576)209480580  |2 gnd-content 
689 0 0 |d s  |0 (DE-588)4133735-9  |0 (DE-627)104458321  |0 (DE-576)209646403  |a Familienkonstellation  |2 gnd 
689 0 1 |d s  |0 (DE-588)4077587-2  |0 (DE-627)106079697  |0 (DE-576)209205733  |a Sozialer Wandel  |2 gnd 
689 0 2 |d s  |0 (DE-588)4152054-3  |0 (DE-627)105541133  |0 (DE-576)209792477  |a Elternschaft  |2 gnd 
689 0 3 |d s  |0 (DE-588)4150167-6  |0 (DE-627)105555436  |0 (DE-576)209777885  |a Diskontinuität  |2 gnd 
689 0 4 |d s  |0 (DE-588)4139770-8  |0 (DE-627)105632910  |0 (DE-576)209697180  |a Soziale Probleme  |2 gnd 
689 0 5 |d s  |0 (DE-588)4030550-8  |0 (DE-627)104360100  |0 (DE-576)208988165  |a Kind  |2 gnd 
689 0 |5 DE-101 
751 |a Bremen  |0 (DE-588)4008135-7  |0 (DE-627)106369636  |0 (DE-576)208874569  |4 uvp 
856 4 2 |u http://www.gbv.de/dms/hbz/toc/ht009334722.pdf  |m V:DE-605  |q pdf/application  |v 2008-11-15  |x Verlag  |y Inhaltsverzeichnis  |3 Inhaltsverzeichnis  |7 1 
883 |8 1\p  |a cgwrk  |d 20241001  |q DE-101  |u https://d-nb.info/provenance/plan#cgwrk 
935 |a mteo 
935 |i Blocktest 
936 r v |a MS 1960  |b Kinder (auch Adoption)  |k Soziologie  |k Spezielle Soziologien  |k Familiensoziologie  |k Kinder (auch Adoption)  |0 (DE-627)1271440962  |0 (DE-625)rvk/123626:  |0 (DE-576)201440962 
936 r v |a MS 1930  |b Partnerschaft, Ehe  |k Soziologie  |k Spezielle Soziologien  |k Familiensoziologie  |k Partnerschaft, Ehe  |0 (DE-627)1271118777  |0 (DE-625)rvk/123625:  |0 (DE-576)201118777 
936 r v |a MS 1900  |b Allgemeine Darstellungen  |k Soziologie  |k Spezielle Soziologien  |k Familiensoziologie  |k Allgemeine Darstellungen  |0 (DE-627)1270818015  |0 (DE-625)rvk/123624:  |0 (DE-576)200818015 
936 r v |a DU 4000  |b Allgemeines und Deutschland  |k Pädagogik  |k Pädagogische Soziologie  |k Familiensoziologie  |k Allgemeines und Deutschland  |0 (DE-627)1270809792  |0 (DE-625)rvk/20046:761  |0 (DE-576)200809792 
936 r v |a CV 8000  |b Spezielle Probleme der Sozialpsychologie (Hochschule, Familie usw.)  |k Psychologie  |k Sozialpsychologie  |k Spezielle Probleme der Sozialpsychologie (Hochschule, Familie usw.)  |0 (DE-627)1270883720  |0 (DE-625)rvk/19169:  |0 (DE-576)200883720 
936 b k |a 71.21  |j Familie  |j Verwandtschaft  |x Soziologie  |0 (DE-627)106416588 
951 |a BO 
ELC |b 1 
LOK |0 000 xxxxxcx a22 zn 4500 
LOK |0 001 3255545714 
LOK |0 003 DE-627 
LOK |0 004 253887585 
LOK |0 005 20020411000000 
LOK |0 008 990609||||||||||||||||ger||||||| 
LOK |0 040   |a DE-21-110  |c DE-627  |d DE-21-110 
LOK |0 852   |a DE-21-110 
LOK |0 852 1  |c O V 298  |m p  |9 00 
LOK |0 935   |a k110 
LOK |0 936ln  |a 7.3.2.1 
LOK |0 938   |k p 
LOK |0 939   |a 09-06-99  |b l01 
ORI |a SA-MARC-krimdoka001.raw 
SIG |a IFK: O V 298